|
|
|
|
| LEADER |
00000nam a2200000 a 4500 |
| 001 |
vtls010083861 |
| 003 |
SK-MaSNL |
| 005 |
20260301212828.0 |
| 008 |
180730s2009 xo g 000 0 slo |
| 015 |
|
|
|a SNBA2010/04-02194
|
| 020 |
|
|
|a 9788080946043
|q (brož.)
|
| 035 |
|
|
|a 0E6B58CE-09BE-4B31-9203-0D477814971E
|
| 035 |
|
|
|a urn:nbn:sk:snk-amka80
|
| 035 |
|
|
|a urn:nbn:sk:snk-am003ccq
|
| 040 |
|
|
|a SNK
|b slo
|c SNK
|e AACR2
|
| 041 |
0 |
|
|a slo
|
| 044 |
|
|
|a xo
|c SK
|
| 072 |
|
7 |
|a 62
|x Technika všeobecne
|2 konspekt
|
| 080 |
|
|
|a 62
|2 2001
|
| 080 |
|
|
|a 81'373.46
|2 2001
|
| 080 |
|
|
|a (038.072)
|2 2001
|
| 080 |
|
|
|a (038)81
|2 2001
|
| 100 |
1 |
|
|a Vargová, Mária,
|d 1948-
|4 aut
|9 235663
|
| 245 |
1 |
0 |
|a Technický terminologický slovník pre pedagogickú prípravu a prax
|c Mária Vargová, Ľuboš Hrebíček
|
| 250 |
|
|
|a 1. vyd.
|
| 260 |
|
|
|a Nitra
|b Univerzita Konštantína Filozofa
|c 2009
|
| 300 |
|
|
|a 75 s.
|c 21 cm
|
| 366 |
|
|
|e 100 výt.
|
| 504 |
|
|
|a Obsahuje bibliografiu
|
| 650 |
0 |
7 |
|a technika
|2 SNKPH
|9 671
|
| 650 |
0 |
7 |
|a odborná terminológia
|2 SNKPH
|9 3616
|
| 650 |
0 |
7 |
|a Technology
|2 SNKPHeng
|9 266383
|
| 650 |
0 |
7 |
|a Terminology (professional)
|2 SNKPHeng
|9 90966
|
| 655 |
|
7 |
|a výkladové slovníky
|2 SNKPH
|9 69007
|
| 655 |
|
7 |
|a Explanatory dictionaries
|2 SNKPHeng
|9 278822
|
| 655 |
|
7 |
|a terminologické slovníky
|2 SNKPH
|9 70504
|
| 655 |
|
7 |
|a Terminological dictionaries
|2 SNKPHeng
|9 90728
|
| 700 |
1 |
|
|a Hrebíček, Ľuboš
|4 aut
|9 598939
|
| 919 |
|
|
|a 978-80-8094-604-3
|
| 958 |
|
|
|a NB
|
| 958 |
|
|
|a OND
|
| 968 |
|
|
|d 62
|
| 999 |
|
|
|c 919340
|d 921270
|
| 952 |
|
|
|a SNK
|b SNK
|y PREZ
|7 0
|p 17A0653315
|o snkSC 139780
|i snk2010/7158
|8 0
|0 0
|1 0
|4 0
|d 2010-04-12
|f 1
|l 0
|r 2025-07-08 00:00:00
|w 2026-02-24
|
| 952 |
|
|
|a SNK
|b SNK
|y VYP
|7 0
|p 17A0653314
|o snkSC 139780 D1
|i snk2010/7159
|8 0
|0 0
|1 0
|4 0
|d 2010-04-12
|l 0
|r 2026-02-24 08:11:03
|w 2026-02-24
|